000 01712nam0a2200385 4500
001 RU\NLR\bibl\1523529
005 20260405071043.0
010 _a978-5-222-17270-4
_92500
021 _aRU
_b2010-37253
_92497
035 _a(NLR Aleph) 001514882
090 _a103731
_c103731
100 _a20100615d2010 |||y0rusy50 ca
101 0 _arus
102 _aRU
105 _aa |||||||||
200 1 _aНЛП эффективного руководства, или Как управлять кем угодно и где угодно
_fС.В. Ковалев
205 _aИзд. 7-е, стер.
210 _aРостов-на-Дону
_cФеникс
_d2010
215 _a252, [1] с.
_cил.
_d21
225 1 _aСерия "Империя успеха"
300 _aНа 239-й с. авт.: Ковалев С.В. - психолог, психотерапевт, полит. консультант
300 _aНа обл. авт. не указан
320 _aБиблиогр.: с. 236-238 (31 назв.)
320 _aСписок кн. по НЛП авт.: с. 246-248 (22 назв.)
517 0 _aКак управлять кем угодно и где угодно
606 1 _aНейролингвистическое программирование
_xПрименение в менеджменте
_92205352
_3RU\NLR\auth\661325018
686 _aС550.373.2
686 _aЮ948.1-82
700 1 _4070
_8rus
_7ca
_aКовалев
_bС. В.
_cд-р психол. наук
_f1954-
_gСергей Викторович
_3RU\NLR\AUTH\7724213
_97264
801 0 _aRU
_bNLR
_c20100615
_gRCR
801 1 _aRU
_bNLR
_c20100615
830 _aавт. по кн.
942 _cBOOK
980 _aNB